| 000 | 00358nam a2200145Ia 4500 | ||
|---|---|---|---|
| 008 | 220803s9999 xx 000 0 und d | ||
| 020 | _a9781118749845 | ||
| 041 | _aeng | ||
| 082 | _a691.9 WIL | ||
| 100 |
_aWiley Pub. _924759 |
||
| 245 | _aGypsum Construction Handbook | ||
| 260 |
_aNew Jersey _bWiley Publication _c2014 |
||
| 300 | _a560p | ||
| 500 | _aARCHI | ||
| 999 |
_c15648 _d15648 |
||